Statistics for Top 500 Baby Boy Names, UK (2016)

Click here to take the quiz!

General Stats

  • This quiz has been taken 472 times
  • The average score is 199 of 500

Answer Stats

HintAnswer% Correct
119John
96%
2Harry
95%
292Harri
94%
487Hari
93%
472Jac
93%
11William
93%
4Jack
92%
3George
91%
12James
91%
42David
90%
443Dawid
90%
420Dawud
90%
247Danny
89%
427Eduard
89%
22Edward
88%
1Oliver
88%
333Olivier
88%
9Thomas
88%
329Tomas
88%
446Tomos
88%
205Ben
87%
71Charles
87%
352Erik
87%
52Matthew
87%
59Michael
87%
303Paul
87%
108Robert
86%
83Alex
85%
13Leo
85%
310Natan
85%
188Peter
85%
257Mark
84%
186Sam
84%
325Aadam
83%
36Adam
83%
32Benjamin
83%
7Charlie
83%
14Henry
83%
350Stefan
83%
260Aleksander
82%
20Alexander
82%
316Tom
82%
426Andre
81%
256Joe
81%
91Leon
81%
21Joseph
80%
277Richard
80%
27Daniel
79%
74Lewis
79%
96Liam
79%
46Louie
79%
70Louis
79%
51Luca
79%
424Luis
79%
23Samuel
79%
174Frank
77%
5Jacob
77%
26Lucas
77%
200Lukas
77%
58Luke
77%
67Mohammad
77%
8Muhammad
77%
164Zac
77%
278Zach
77%
213Zack
77%
242Zak
77%
137Christopher
76%
357Luca
76%
457Rayaan
75%
175Rayan
75%
230Rayyan
75%
359Sean
75%
482Jakob
74%
158Jakub
74%
76Nathan
74%
6Noah
74%
208Andrew
73%
342Josh
73%
249Leonard
73%
103Aiden
72%
139Anthony
72%
78Jackson
72%
50Jaxon
72%
143Jaxson
72%
196Jonathan
72%
15Joshua
72%
151Nicholas
72%
266Nicolas
72%
185Eesa
71%
10Oscar
71%
212Oskar
71%
401Stephan
71%
491Steven
71%
94Aaron
70%
104Eli
70%
147Eric
70%
344Isa
70%
80Ryan
70%
63Albert
69%
18Ethan
69%
16Freddie
69%
228Freddy
69%
460Jai
69%
204Marcus
69%
39Zachary
69%
29Arthur
68%
248Jay
68%
297Timothy
68%
24Max
67%
101Jamie
66%
169Jason
66%
28Theo
66%
56Tommy
66%
155Vincent
66%
17Archie
65%
223Christian
65%
19Isaac
65%
113Patrick
65%
238Victor
65%
465Wiktor
65%
126Billy
64%
44Jake
64%
218Jordan
64%
251Martin
64%
33Mason
64%
463Patryk
64%
360Simon
64%
300Szymon
64%
89Bobby
63%
43Elijah
63%
298Harris
63%
193Kyle
63%
77Tyler
63%
180Alan
62%
31Harrison
62%
165Kevin
62%
128Nathaniel
62%
243Eddie
61%
428Justin
61%
324Philip
61%
13Alfie
60%
150Bradley
59%
120Evan
59%
356Jaden
59%
354Jaiden
59%
60Jayden
59%
25Logan
59%
30Mohammed
59%
117Muhammed
59%
41Theodore
59%
246Brandon
58%
282Julian
58%
86Kai
58%
110Alfred
57%
37Dylan
57%
375Johnny
57%
215Francis
56%
112Owen
56%
404Brian
55%
99Finn
55%
157Cameron
54%
464Ray
54%
35Sebastian
54%
109Callum
53%
65Elliot
53%
130Joey
53%
131Leonardo
53%
209Taylor
53%
492Abraham
52%
313Ayden
52%
348Finnley
52%
75Frederick
52%
361Ibraheem
52%
95Ibrahim
52%
199Xavier
52%
132Ali
51%
85Caleb
51%
129Finlay
51%
34Finley
51%
355Kaleb
51%
210Myles
51%
341Walter
51%
81Carter
50%
62Frankie
50%
179Miles
50%
66Gabriel
49%
61Jude
49%
417Noel
49%
144Cole
48%
338Damian
48%
291Ivan
48%
318Jimmy
48%
118Joel
48%
68Ollie
48%
190Olly
48%
53Harvey
47%
479Robbie
47%
64Stanley
47%
222Adrian
46%
125Cody
46%
262Jeremiah
46%
156Jonah
46%
123Milo
46%
400Mylo
46%
69Ronnie
46%
45Toby
46%
231Zain
46%
437Zane
46%
189Zayn
46%
72Blake
45%
403Lawrence
45%
38Riley
45%
84Austin
44%
349Dennis
44%
114Dominic
44%
141Parker
44%
159Ted
44%
494Edwin
43%
122Maxwell
43%
98Felix
42%
166Levi
42%
100Tobias
42%
343Hugh
41%
336Nico
41%
258Quinn
41%
395Scott
41%
301Teddie
41%
40Teddy
41%
173Ashton
40%
146Cooper
40%
167Elias
40%
88Ellis
40%
408Ilyas
40%
181Jax
40%
93Jesse
40%
92Roman
40%
54Harley
39%
49Hugo
39%
47Reuben
39%
317Sami
39%
87Albie
38%
385Alby
38%
116Hunter
38%
416Marco
38%
19Rory
38%
105Rowan
38%
236Isaiah
37%
97Jasper
37%
216Morgan
37%
287Asher
36%
177Chase
36%
219Reece
36%
198Robin
36%
226Abel
35%
252Brodie
35%
152Brody
35%
148Rhys
35%
211Antoni
34%
321Ashley
34%
82Dexter
34%
194Hayden
34%
106Seth
34%
497Shain
34%
142Bailey
33%
439Calvin
33%
90Ezra
33%
279Josiah
33%
140Kayden
33%
124Kian
33%
393Niall
33%
429Troy
33%
48Arlo
32%
500Bruce
32%
102Conner
32%
220Conor
32%
201Corey
32%
335Matteo
32%
163Tristan
32%
269Xander
32%
168Flynn
31%
449Jonas
31%
55Reggie
31%
430Antonio
30%
476Archibald
30%
365Carson
30%
57Jenson
30%
111 | 421Ralph
30%
288Douglas
29%
290Franklin
29%
138Grayson
29%
195Jensen
29%
149Maximilian
29%
184Beau
28%
214Kacper
28%
407Maksymilian
28%
135Rupert
28%
206Abdul
27%
170Ahmed
27%
312Casper
27%
293Declan
27%
390Euan
27%
153Hudson
27%
436Kasper
27%
233Leighton
27%
202Omar
27%
145Spencer
27%
351Zachariah
27%
203Zakariya
27%
311Bertie
26%
307Cian
26%
314Ewan
26%
127Lincoln
26%
315Kieran
25%
387Nate
25%
388Ronan
25%
368Solomon
25%
402Alistair
24%
267Casey
24%
379Clark
24%
399Curtis
24%
435Jace
24%
462Mario
24%
178Maximus
24%
286Wyatt
24%
499Yousef
24%
466Yousuf
24%
107Yusuf
24%
326Brooklyn
23%
115Sonny
23%
183Vinnie
23%
261Micah
22%
284Preston
22%
239Rafael
22%
235Raphael
22%
172Rex
22%
304Travis
22%
160Aidan
21%
364Angus
21%
289Archer
21%
319Ernest
21%
207Lenny
21%
322Marshall
21%
490Percy
21%
337Romeo
21%
295Reginald
20%
327River
20%
305Amir
19%
415Clayton
19%
334Eden
19%
485Ernie
19%
474Mateo
19%
229Otis
19%
455Samson
19%
182Wilfred
19%
445Barney
18%
225Chester
18%
371Darius
18%
414Laurence
18%
240Layton
18%
134Rocco
18%
161Abdullah
17%
442Benedict
17%
259Emmanuel
17%
392Ezekiel
17%
254Hector
17%
241Sidney
17%
237Fraser
16%
444Hamish
16%
396Lachlan
16%
383Lochlan
16%
187Marley
16%
162Ruben
16%
484Ryder
16%
224Bodhi
15%
366Cruz
15%
470Dawson
15%
478Lennox
15%
453Mckenzie
15%
283Phoenix
15%
328Rudy
15%
234Barnaby
14%
340Bentley
14%
493Dante
14%
73Elliott
14%
273Fabian
14%
197Kaiden
14%
382Kane
14%
450Lucian
14%
176Mohamed
14%
285Otto
14%
227Idris
13%
496Kobe
13%
440Kobi
13%
339Zion
13%
413Bruno
12%
438Caiden
12%
469Cayden
12%
308Coby
12%
275Enzo
12%
263Lorenzo
12%
265Rufus
12%
232Fletcher
11%
406Heath
11%
309Junior
11%
461Malakai
11%
454Miller
11%
245Rio
11%
411Aston
10%
489Keegan
10%
477Lawson
10%
268Lennon
10%
270Malachi
10%
330Monty
10%
372Tate
10%
271Ahmad
9%
121Ayaan
9%
294Cohen
9%
264Jan
9%
346Remy
9%
367Cassius
8%
467Coen
8%
380Dougie
8%
471Elis
8%
299Kit
8%
221Rohan
8%
410Armaan
7%
373Aron
7%
370Ayan
7%
281Buddy
7%
378Cillian
7%
332Denis
7%
451Diego
7%
405Edison
7%
192Hamza
7%
250Marcel
7%
133Oakley
7%
394Regan
7%
347Shay
7%
191Syed
7%
362Zayd
7%
389Aayan
6%
255Hassan
6%
495Hendrix
6%
468Michal
6%
320Milan
6%
296Rafe
6%
418Aaryan
5%
244Aryan
5%
154Filip
5%
425Montgomery
5%
422Rogan
5%
412Ayden
4%
486Hadley
4%
374Kingsley
4%
456Magnus
4%
217Mustafa
4%
280Rafferty
4%
423Santiago
4%
253Umar
4%
391Woody
4%
458Amari
3%
353Haris
3%
488Imran
3%
345Ismaeel
3%
276Ismail
3%
409Khalid
3%
136Musa
3%
419Alexandru
2%
272Arjun
2%
386Azaan
2%
274Dominik
2%
452Loki
2%
171Yahya
2%
434Amaan
1%
441Anas
1%
358Franciszek
1%
459Ioan
1%
473Kyron
1%
377Matei
1%
323Mikolaj
1%
384Nikodem
1%
331Osian
1%
397Aahlil
0%
302Aarav
0%
363Andrei
0%
398Ayman
0%
306Bilal
0%
481Daniyal
0%
447Haider
0%
448Hasan
0%
4331Hashim
0%
381Hussain
0%
483Mateusz
0%
475Rehan
0%
498Sulaiman
0%
480Tymon
0%
432Yunus
0%
369Zayaan
0%
376Zayan
0%

Score Distribution

Percentile by Number Answered

Percent of People with Each Score

Your Score History

You have not taken this quiz